| 000 | 00850nam a22002777a 4500 | ||
|---|---|---|---|
| 999 |
_c5445 _d5445 |
||
| 001 | 4505 | ||
| 003 | BD-DhUAP | ||
| 005 | 20201212115606.0 | ||
| 008 | 201212s1970 enka|||| |||| 001 0 eng d | ||
| 020 | _a0070858055 | ||
| 040 |
_aBD-DhUAP _bEng _cBD-DhUAP _dBD-DhUAP |
||
| 082 |
_223 _a620.11232 TIM |
||
| 100 | _aStephen P. Timoshenko | ||
| 245 |
_aTheory of elastic stability / _cStephen P. Timoshenko and J. N. Goodier. |
||
| 250 | _a3rd ed. | ||
| 260 |
_aLondon : _bMcGraw-Hill Book, _cc1970. |
||
| 300 |
_axxiv, 567 pages : _billustrations ; _c21 cm. |
||
| 490 | _aEngineering societies monographs. | ||
| 500 | _aInternational student edition. | ||
| 504 | _aIncludes index. | ||
| 650 | _aElasticity. | ||
| 650 | _aStrains and stresses. | ||
| 650 |
_aScience _xMechanics _vGeneral. |
||
| 700 | _aGoodier, J. N. | ||
| 942 |
_2ddc _cBK |
||